Record Details
Back To Results
Showing Item 7 of 129

Middle School: Get Me Out of Here!

James Patterson (Author).

Record details

  • ISBN: 9781784750114
  • Physical Description: Paperback
  • Publisher: London Young Arrow 2015
Subject: Middle School

Available copies

  • 11 of 11 copies available at Headquarters.

Other Formats and Editions

English (3)
Location Call Number / Copy Notes Barcode Shelving Location Status Due Date
Accra Central Library 201 JFIC/PAT 000000176989 Childrens' Fiction - CHN Available -
Accra Central Library 201 JFIC/PAT 000000188104 Childrens' Fiction - CHN Available -
Accra Central Library 201 JFIC/PAT 000000188128 Childrens' Fiction - CHN Available -
Accra Central Library 201 JFIC/PAT 000000188807 Childrens' Fiction - CHN Available -
Accra Central Library 201 JFIC/PAT 000000200318 Childrens' Fiction - EXT Available -
Dansoman Library 201 JFIC/PAT 000000188098 Childrens' Fiction Available -
Dansoman Library 201 JFIC/PAT 000000188135 Childrens' Fiction Available -
Dodowa Library 201 JFIC/PAT 000000100588 Childrens' Fiction Available -
Tema Library 201 JFIC/PAT 000000188814 Childrens' Fiction Available -
Tema Library 201 JFIC/PAT 000000188821 Childrens' Fiction Available -

No reviews or recommendations are currently available.

Loading shelf browser…

LDR 00620cam a2200205Ka 4500
001595
003HQ
00520190902102906.0
008070101s enka dr 1 eng d
020 . ‡a9781784750114
037 . ‡aBook Aid
082 . ‡aJFIC/PAT
100 . ‡aJames Patterson
245 . ‡aMiddle School: Get Me Out of Here!
260 . ‡aLondon ‡bYoung Arrow ‡c2015
300 . ‡aPaperback
650 . ‡aMiddle School
901 . ‡a595 ‡bAUTOGEN ‡c595 ‡tbiblio
Back To Results
Showing Item 7 of 129

Session Timeout

Your session will expire in minutes and seconds.

If you need more time, please click "Continue Session."

Session Ended

Your session has ended. Redirecting to the home page...